000 01005nam a22003137a 4500
003 CHAP
005 20220817041939.0
008 971013s1938 r 10010 d
010 _a29633
011 _a30605
035 _a34717
040 _cCHAP
082 _a338.174772
_bC65 1938
111 0 0 _aConvención Resolutiva del Problema Platanero (
_d1938
_c: Villahermosa, Tab.)
_927652
245 _aMemoria
260 _a(s.l.) :
_bSecretaría de Agricultura y Fomento,
_c1938
300 _a304 h.
500 _aMimeógrafo
590 _aBATCH-UPD
_b10
_c20130110
_lUCH01
_h1001
590 _aBATCH-UPD
_b10
_c20130410
_lUCH01
_h0612
590 _aBATCH-UPD
_b10
_c20130914
_lUCH01
_h1051
590 _aCONVERSION
_b10
_c20130109
_lUCH01
_h1317
650 1 4 _aAgricultura
_xAspectos económicos.
650 1 4 _aIndustria platanera.
_957912
650 1 4 _aPlátano
_xCostos de producción.
_989223
901 _aBK
942 _cLIBRO
949 _a338.174772 C65 1938
_bBC
_cBPA
_d-80262
_eBPA
_h5828
_i34717
_mD
_si
999 _c29633
_d29633